00868nam a2200205 i 450000100060000000300090000600500170001500700030003200800410003510000410007624502040011726000450032130000220036670000350038870000380042371000450046185200200050699900170052695201190054376695ES-MaACL20251114103340.0t|041004s1931 sp ||||1| spa d1 aGuiard y Larrauri, Teófilo.96062914aLas ordenanzas del Consulado de Bilbao b: tres conferencias con motivo del Centenario de su derogación / cleídos por Teófilo Guiard Larrauri, Manuel Torres López y Antonio Elías Suárez. aBilbao : bCasa de Misericordia, c1931. a104 p. ; c24 cm.0 aTorres López, Manuel91109051 aElías Suárez, Antonio.9469792 aConsulado de Bilbao j-Historia.9173763 aES-MaACLjA-124 c76695d76695 00104070aATENEOMbATENEOMcSPP1d2008-01-17eSCl0oA-124p1080252r2023-02-23 00:00:00w2023-02-23yMONOGRAFIA